000 00864nam a2200301Ia 4500
003 OSt
005 20221006160206.0
006 a|||||r|||| 00| 0
007 ta
008 221006b |||||||| |||| 00| 0 eng d
020 _a9788974795719
_c
_20.00
024 _a44,573
037 _bGift, Korean Embassy
_cTextual
040 _aEASL
_cEASL
_beng
041 _2eng
_aeng
082 _aQ4v495, Q3
100 _aVen Beopgwang
_9672327
245 0 _aKorean Buddhism
260 _aSeoul
_bBulkwang Publication Korea
_c2013
300 _a244p.
_ccm.
490 _v KEL
650 _a KEL
650 _a Korea - Buddhist culture
_9672328
650 _a Korea - Buddhist temples
_9672329
650 _aKorea - Buddhism - History
_9671043
942 _hQ4v495, Q3
_cTEXL
_2CC
999 _c1112665
_d1112665